| 000 | 00881cam a22002294a 4500 | ||
|---|---|---|---|
| 005 | 20260322212027.0 | ||
| 008 | data | ||
| 010 | _a 2005925939 | ||
| 020 | _a0916365719 | ||
| 020 | _a9780916365714 | ||
| 040 |
_aDLC _cDLC _dDLC |
||
| 050 | 0 | 0 |
_aN7433.8 _b.F67 2005 |
| 092 | _a709.04 F67 2005 | ||
| 100 | 1 |
_aForde, Kathleen _q(Kathleen E.) |
|
| 245 | 1 | 0 |
_aWhat sound does a color make? / _cKathleen Forde. |
| 260 |
_aNew York : _bIndependent Curators International, _cc2005. |
||
| 300 |
_a54 p. : _bill. (chiefly col.) ; _c22 cm. |
||
| 500 | _aCatalog of a traveling exhibition held in Eyebeam Center for Art and Technology, New York, in Wood Street Galleries, Pittsburgh Cultural Trust, Pittsburgh, and in Center for Art and Visual Culture, University of Maryland, Baltimore, in 2005/2006. | ||
| 650 | 0 |
_aDigital art _vExhibitions. |
|
| 650 | 0 |
_aVideo art _vExhibitions. |
|
| 001 | data | ||
| 999 |
_c622 _d622 |
||